<?xml version="1.0" encoding="UTF-8"?>
<collection xmlns="http://www.loc.gov/MARC21/slim">
    <record>
        <controlfield tag="001">47861</controlfield>
        <controlfield tag="005">20210208180157.0</controlfield>
        <datafield tag="024" ind1="8" ind2=" ">
            <subfield code="2">sideral</subfield>
            <subfield code="a">91594</subfield>
        </datafield>
        <datafield tag="024" ind1="7" ind2=" ">
            <subfield code="2">doi</subfield>
            <subfield code="a">10.4321/S0213-61632015000100005</subfield>
        </datafield>
        <datafield tag="037" ind1=" " ind2=" ">
            <subfield code="a">ART-2015-91594</subfield>
        </datafield>
        <datafield tag="041" ind1=" " ind2=" ">
            <subfield code="a">eng</subfield>
        </datafield>
        <datafield tag="100" ind1=" " ind2=" ">
            <subfield code="0">(orcid)0000-0002-7277-4318</subfield>
            <subfield code="a">Moreno, L.</subfield>
            <subfield code="u">Universidad de Zaragoza</subfield>
        </datafield>
        <datafield tag="245" ind1=" " ind2=" ">
            <subfield code="a">New perspectives in the search for reliable biomarkers in alzheimer disease</subfield>
        </datafield>
        <datafield tag="260" ind1=" " ind2=" ">
            <subfield code="c">2015</subfield>
        </datafield>
        <datafield tag="506" ind1="0" ind2=" ">
            <subfield code="a">Access copy available to the general public</subfield>
            <subfield code="f">Unrestricted</subfield>
        </datafield>
        <datafield tag="520" ind1="3" ind2=" ">
            <subfield code="a">Background and Objectives: The search for accurate biomarkers in Alzheimer Disease (AD), on of the most devastating neurodegenerative diseases, remains essential to enable an early prognosis and diagnosis of the disease and to provide more efficient ther- apeutic strategies.
A wide variety of potential biomarkers are has been identified by neuroimaging tech- niques and by the analysis of fluid samples, such as cerebrospinal fluid (CSF) or blood. Recently, a growing number of studies are focused on the discovery of reliable blood- based biomarkers in blood, especially in the prodromal stage of AD, which can predict the conversion of asymptomatic cases to AD demented cases.
In this review, the latest challenges in the search for accurate biomarkers of AD is re- vised, in particular, an update in blood-based biomarkers is described in depth.
Conclusions: Finally, the close link among AD and other neurodegenerative diseases is discussed, mainly based on the last discovered mutation, the chromosome 9 open reading frame 72, C9ORF72.</subfield>
        </datafield>
        <datafield tag="536" ind1=" " ind2=" ">
            <subfield code="9">info:eu-repo/grantAgreement/ES/FIS/PI10-0178</subfield>
        </datafield>
        <datafield tag="540" ind1=" " ind2=" ">
            <subfield code="9">info:eu-repo/semantics/openAccess</subfield>
            <subfield code="a">by-nc-sa</subfield>
            <subfield code="u">http://creativecommons.org/licenses/by-nc-sa/3.0/es/</subfield>
        </datafield>
        <datafield tag="590" ind1=" " ind2=" ">
            <subfield code="a">0.711</subfield>
            <subfield code="b">2015</subfield>
        </datafield>
        <datafield tag="591" ind1=" " ind2=" ">
            <subfield code="a">PSYCHIATRY</subfield>
            <subfield code="b">121 / 139 = 0.871</subfield>
            <subfield code="c">2015</subfield>
            <subfield code="d">Q4</subfield>
            <subfield code="e">T3</subfield>
        </datafield>
        <datafield tag="592" ind1=" " ind2=" ">
            <subfield code="a">0.309</subfield>
            <subfield code="b">2015</subfield>
        </datafield>
        <datafield tag="593" ind1=" " ind2=" ">
            <subfield code="a">Psychiatry and Mental Health</subfield>
            <subfield code="c">2015</subfield>
            <subfield code="d">Q3</subfield>
        </datafield>
        <datafield tag="655" ind1=" " ind2="4">
            <subfield code="a">info:eu-repo/semantics/article</subfield>
            <subfield code="v">info:eu-repo/semantics/publishedVersion</subfield>
        </datafield>
        <datafield tag="700" ind1=" " ind2=" ">
            <subfield code="0">(orcid)0000-0001-5687-6704</subfield>
            <subfield code="a">Osta, R.</subfield>
            <subfield code="u">Universidad de Zaragoza</subfield>
        </datafield>
        <datafield tag="700" ind1=" " ind2=" ">
            <subfield code="0">(orcid)0000-0001-5193-7782</subfield>
            <subfield code="a">Calvo, A.C.</subfield>
            <subfield code="u">Universidad de Zaragoza</subfield>
        </datafield>
        <datafield tag="710" ind1="2" ind2=" ">
            <subfield code="1">1001</subfield>
            <subfield code="2">420</subfield>
            <subfield code="a">Universidad de Zaragoza</subfield>
            <subfield code="b">Dpto. Anatom.,Embri.Genét.Ani.</subfield>
            <subfield code="c">Área Genética</subfield>
        </datafield>
        <datafield tag="773" ind1=" " ind2=" ">
            <subfield code="g">29, 1 (2015), 51 - 65</subfield>
            <subfield code="p">Eur. j. psychiatry</subfield>
            <subfield code="t">European Journal of Psychiatry</subfield>
            <subfield code="x">0213-6163</subfield>
        </datafield>
        <datafield tag="856" ind1="4" ind2="1">
            <subfield code="u">http://scielo.isciii.es/scielo.php?pid=S0213-61632015000100005&amp;script=sci_abstract</subfield>
            <subfield code="z">Texto completo de la revista</subfield>
        </datafield>
        <datafield tag="856" ind1="4" ind2=" ">
            <subfield code="s">115783</subfield>
            <subfield code="u">http://zaguan.unizar.es/record/47861/files/texto_completo.pdf</subfield>
            <subfield code="y">Versión publicada</subfield>
        </datafield>
        <datafield tag="856" ind1="4" ind2=" ">
            <subfield code="s">37202</subfield>
            <subfield code="u">http://zaguan.unizar.es/record/47861/files/texto_completo.jpg?subformat=icon</subfield>
            <subfield code="x">icon</subfield>
            <subfield code="y">Versión publicada</subfield>
        </datafield>
        <datafield tag="909" ind1="C" ind2="O">
            <subfield code="o">oai:zaguan.unizar.es:47861</subfield>
            <subfield code="p">articulos</subfield>
            <subfield code="p">driver</subfield>
        </datafield>
        <datafield tag="951" ind1=" " ind2=" ">
            <subfield code="a">2021-02-08-17:41:51</subfield>
        </datafield>
        <datafield tag="980" ind1=" " ind2=" ">
            <subfield code="a">ARTICLE</subfield>
        </datafield>
    </record>

    
</collection>